| 000 | 00583nam a22001937a 4500 | ||
|---|---|---|---|
| 999 |
_c60670 _d60670 |
||
| 005 | 20231005112606.0 | ||
| 008 | 231005s1972 enk||||| |||| 00| 0 eng d | ||
| 020 | _a0140510451 | ||
| 041 | _aeng | ||
| 080 | _a902/904 B-84 | ||
| 100 |
_aBray, Warwick _919670 |
||
| 245 |
_aThe Penguin Dictionary of Archaeology / _c Warwick Bray, David Trump. |
||
| 264 |
_aHarmondworth, _c1972. |
||
| 300 |
_a280 p.: _bill.; _c20 cm. |
||
| 653 | _aარქეოლოგია | ||
| 653 | _aლექსიკონი | ||
| 700 |
_aTrump, David _eავტორი _919671 |
||
| 942 |
_2udc _cMX |
||